Wszyscy skoczkowie startujący w Pucharze Świata w sezonie 2023/24 - Statystyki

Ogólne statystyki
  • Ten quiz został rozwiązany 66 razy
  • Średni wynik to 74 z 109
Statystyki odpowiedzi
Narodowość Skoczek % Poprawnych
Stefan Kraft
100%
Aleksander Zniszczoł
98%
Norwegia Johann André Forfang
98%
Kamil Stoch
98%
Piotr Żyła
98%
Bułgaria Vladimir Zografski
98%
Alex Insam
95%
Andreas Wellinger
95%
Dawid Kubacki
95%
Domen Prevc
95%
Peter Prevc
95%
Finlandia Antti Aalto
93%
Jan Hörl
93%
Junshirō Kobayashi
93%
Polska Maciej Kot
93%
Paweł Wąsek
93%
Roman Koudelka
93%
Ryōyū Kobayashi
93%
Sakutarō Kobayashi
93%
Estonia Artti Aigro
90%
Włochy Giovanni Bresadola
90%
Gregor Deschwanden
90%
Japonia Noriaki Kasai
90%
Szwajcaria Simon Ammann
90%
Yevhen Marusiak
90%
Anže Lanišek
88%
Fatih Arda İpcioğlu
88%
Timi Zajc
88%
Andrzej Stękała
86%
Daniel Huber
86%
Daniel Tschofenig
86%
Karl Geiger
86%
Keiichi Satō
86%
Killian Peier
86%
Kristoffer Eriksen Sundal
86%
Manuel Fettner
86%
Halvor Egner Granerud
83%
USA Kevin Bickner
83%
Marius Lindvik
83%
Michael Hayböck
83%
Francesco Cecon
81%
Niko Kytösaho
81%
Pius Paschke
81%
Tate Frantz
81%
Rumunia Daniel Andrei Cacina
79%
Lovro Kos
79%
Ren Nikaidō
79%
Stephan Embacher
79%
Ukraina Vitaliy Kalinichenko
79%
Austria Clemens Aigner
76%
Daniel-André Tande
76%
Eetu Nousiainen
76%
Valentin Foubert
76%
Turcja Muhammed Ali Bedir
74%
Philipp Raimund
74%
Sabirzhan Muminov
74%
Stephan Leyhe
74%
Constantin Schmid
71%
Naoki Nakamura
71%
Robert Johansson
71%
Klemens Murańka
69%
Žiga Jelar
69%
Erik Belshaw
67%
Andrea Campregher
64%
Andrew Urlaub
64%
Decker Dean
64%
Kasperi Valto
64%
Sergey Tkachenko
64%
Casey Larson
62%
Danil Vassilyev
62%
Vilho Palosaari
62%
Ilya Mizernykh
60%
Mihnea Alexandru Spulber
60%
Radek Rýdl
60%
Remo Imhof
60%
Taku Takeuchi
57%
Clemens Leitner
55%
Maximilian Ortner
55%
Felix Hoffmann
52%
Benjamin Østvold
50%
Luca Roth
50%
Robin Pedersen
50%
Žak Mogel
50%
Felix Trunz
48%
Fredrik Villumstad
48%
Jason Colby
48%
Czechy Benedikt Holub
45%
Jonas Schuster
45%
Francja Jules Chervet
45%
Kaimar Vagul
45%
Martin Hamann
45%
Sandro Hauswirth
45%
Mico Ahonen
43%
Yanick Wasser
43%
Andrei Feldorean
40%
Svyatoslav Nazarenko
40%
Bendik Jakobsen Heggli
38%
Słowenia Maksim Bartolj
38%
Tomofumi Naitō
33%
Henri Kavilo
29%
Kazachstan Nikita Devyatkin
26%
Sindre Ulven Jørgensen
26%
Arttu Pohjola
24%
David Haagen
24%
Asahi Sakano
21%
Marco Wörgötter
19%
Niemcy Finn Braun
12%
Matija Vidic
12%
Simon Steinberger
10%
Nie znaleziono quizów pasujących do podanych kryteriów
Rozkład punktacji
Procent ludzi z każdym wynikiem
Percentyl według liczby udzielonych odpowiedzi
Twoja historia wyników
Nie rozwiązałeś tego quizu